Differential Geometry: Theory and Applications (Lecture Notes) (Record no. 30104)

000 -LEADER
fixed length control field 00833 a2200169 4500
020 ## - INTERNATIONAL STANDARD BOOK NUMBER
International Standard Book Number SMS Fudan University, China
082 ## - DEWEY DECIMAL CLASSIFICATION NUMBER
Classification number 516.36
090 ## - LOCALLY ASSIGNED LC-TYPE CALL NUMBER (OCLC); LOCAL CALL NUMBER (RLIN)
-- 1493
-- 1493
100 ## - MAIN ENTRY--PERSONAL NAME
Personal name Cairlet, Philippe G.
245 ## - TITLE STATEMENT
Title Differential Geometry: Theory and Applications (Lecture Notes)
Remainder of title August 7 - 18, 2006, School of Mathematical Sciences, Fudan University, Shanghai, China
Statement of responsibility, etc. Phillippe G. Ciarlet
260 ## - PUBLICATION, DISTRIBUTION, ETC.
Place of publication, distribution, etc. Shanghai, China
Name of publisher, distributor, etc. School of Mathematical Sciences, Fudan University
Date of publication, distribution, etc. --
300 ## - PHYSICAL DESCRIPTION
Extent 103
830 ## - SERIES ADDED ENTRY--UNIFORM TITLE
Uniform title CIMPA School -- ISFMA Symposium
942 ## - ADDED ENTRY ELEMENTS (KOHA)
Institution code [OBSOLETE] SNS
Koha item type Book
Call number prefix 516.36 CIA
Holdings
Withdrawn status Lost status Damaged status Not for loan Permanent Location Current Location Date acquired Total Checkouts Full call number Barcode Date last seen Price effective from Koha item type
        School of Natural Sciences (SNS) School of Natural Sciences (SNS) 05/26/2016   516.36 CIA SNS0000228 05/26/2016 05/26/2016 Book
        School of Natural Sciences (SNS) School of Natural Sciences (SNS) 05/26/2016   516.36 CIA SNS0000229 05/26/2016 05/26/2016 Book
© 2023 Central Library, National University of Sciences and Technology. All Rights Reserved.